Generi : differenze nelle identità /

Guardat en:
Dades bibliogràfiques
Autor principal: Donadi, Paola (Autor)
Format: Llibre
Idioma:italià
Publicat: Milano : F. Angeli, 2000
Col·lecció:Sussidi di psicologia ; Lorenzetti 5
Matèries:
Etiquetes: Afegir etiqueta
Sense etiquetes, Sigues el primer a etiquetar aquest registre!

MARC

LEADER 00000nam a2200000 i 4500
001 IT\ICCU\CFI\0502203
003 ItRI
005 20260115231915.0
008 010303s2000 it |||||| ||||| |||||c
015 |2 IT  |a 2001-3352 
020 |a 8846423941 
040 |b ita  |c importazione bologna sebina 
041 7 |a ita  |2 ISO-639-2 
082 |a 305.3  |9 UOMINI E DONNE  |2 21 
100 1 |a Donadi, Paola  |0 IT\ICCU\BVEV\043736  |4 aut 
245 1 0 |a Generi :  |b differenze nelle identità /  |c Paola Donadi ; presentazione di Loredano Matteo Lorenzetti. 
260 |a Milano :  |b F. Angeli,  |c 2000 
300 |a 152 p. ;  |c ill. ; 23 cm. 
650 7 |a Identità sessuale 
830 0 |a Sussidi di psicologia ;  |v 5  |a Lorenzetti  |0 IT\ICCU\REA\0048227 
942 |2 ddc  |c BK  |n 0 
952 |0 0  |1 0  |4 0  |6 DOC_155_330000000000000_DON  |7 0  |9 16090  |a BO  |b BO  |d 2026-01-15  |i 20201  |l 0  |o DOC 155.33 DON  |p BO20201  |r 2026-01-15 23:19:15  |w 2026-01-15  |x [Sebina 5] [1 v.]  |y BK  |z 1 v. 
999 |c 13832  |d 13832